Statistiques concernant Palmarès Coupe du Monde des Séries 2018

Cliquez ici pour prendre le quiz!

Statistiques générales

  • Ce quiz a été pris 110 fois
  • Le résultat moyen est 9 sur 32

Statistiques - réponses

Réponse% Correct
Game of Thrones
88%
La Casa de Papel
67%
The Walking Dead
65%
Stranger Things
58%
The 100
54%
Riverdale
53%
13 Reasons why
52%
Grey's Anatomy
48%
Arrow
39%
Vikings
34%
Teen Wolf
31%
Lucifer
25%
The Originals
24%
The Flash
23%
American Horror Story
22%
Westworld
19%
Once upon a Time
18%
Fear The Walking Dead
17%
The Handmaid's Tale (La Servante écarlate)
17%
Scandal
16%
Jane the Virgin
15%
Big little Lies
12%
Outlander
12%
This is Us
12%
Legends of Tomorrow
9%
Ozark
8%
Station 19
8%
The Bold Type
7%
Altered Carbon
5%
Agents of SHIELD
2%
The Gifted
1%
Supernatutal
0%

Distribution des résultats

Percentile par nombre de réponses

% des personnes avec chaque résultat

Votre développement - résultats

Vous n’avez pas pris ce quiz